Statistics for McFly Singles Quiz

Click here to take the quiz!

General Stats

  • This quiz has been taken 23 times
  • The average score is 14 of 27

Answer Stats

% Correct
5 Colours in Her Hair
100%
All About You
100%
Obviously
94%
Room on the 3rd Floor
94%
Star Girl
81%
I'll Be OK
75%
Love Is Easy
69%
Transylvania
69%
Love Is on the Radio
63%
That Girl
63%
One for the Radio
56%
Please, Please
56%
Shine A Light
56%
Lies
50%
The Heart Never Lies
50%
I Wanna Hold You
44%
Party Girl
44%
Sorry's Not Good Enough
44%
Do Ya
38%
Friday Night
38%
That's The Truth
38%
Ultraviolet
31%
Don't Stop Me Now
25%
The Ballad of Paul K
25%
Baby's Coming Back
13%
You've Got a Friend
13%
Stay with Me
6%

Score Distribution

Percentile by Number Answered

Percent of People with Each Score

Your Score History

You have not taken this quiz